[Event "Werder IM-Turnier 2018"]
[Site "Bremen"]
[Date "2018.06.21"]
[Round "6"]
[White "Osmanodja, Filiz"]
[Black "Ahlander, Bjorn"]
[Result "0-1"]
[WhiteElo "2352"]
[BlackElo "2435"]
[Annotator "TA"]
[PlyCount "126"]
[EventDate "2018.06.16"]
[EventType "tourn"]
[EventCountry "GER"]
[SourceTitle "playchess.com"]
[Source "ChessBase"]
[SourceQuality "1"]

{[%evp 30,126,0,0,0,0,42,36,42,31,114,25,37,0,0,0,0,-19,0,0,23,-40,-40,-32,-15,-41,-44,-79,-56,-62,-58,-57,91,93,100,95,267,254,255,267,243,225,337,334,269,121,132,0,0,-5413,-49,-49,-49,-50,-50,-50,-50,-50,-50,-506,-480,-456,-454,-358,-290,-859,-841,-1297,-1257,-2450,-2503,-2858,-2453,-5110,-4646,-6601,-7378,-7208,-4133,-6808,-6111,-29986,-29987,-29990,-5110,-5110,0,-29990,-29988,-29988,-29989,-29989,-29984,-29975,-29983,-29989,-29990,-29997,-29989]} 1. e4 c5 2. Nc3 Nc6 3. Nf3 g6 4. d4 cxd4 5. Nxd4 Bg7 6. Be3 d6 7. Bc4 Nf6 8. f3 O-O 9. Qd2 Bd7 10. O-O-O Rb8 11. Bb3 Na5 12. h4 {B77: Sicilian Dragon: Yugoslav Attack, 9 Bc4 sidelines} b5 13. Kb1 (13. h5 Nc4 14. Bxc4 bxc4 15. hxg6 fxg6 16. Bh6 Qb6 17. b3 Bxh6 18. Qxh6 Qa5 19. Kb2 Rfc8 20. Nd5 cxb3 21. axb3 Kf7 22. Qd2 Qxd2 23. Rxd2 {½-½ (46) Fedoseev,V (2724)-Nakamura,H (2787) Moscow 2018}) 13... Nc4 14. Bxc4 bxc4 15. Ka1 h5 16. Nde2 {LiveBook: 3 Games} Qa5 17. Bd4 e5 $146 ({Predecessor:} 17... Rb4 18. a3 Rfb8 19. Na2 R4b5 20. Qxa5 Rxa5 {1-0 (55) Gara,T (2385)-Daulyte,D (2216) Istanbul 2012}) 18. Be3 Qb4 {[%csl Gb8][%cal Rb4b2]} 19. Rb1 Be6 (19... Rfd8 $14) 20. Bh6 (20. Bxa7 Ra8 $15) (20. a3 $16 Qa5 21. Qxd6) 20... Rfd8 21. Bxg7 (21. g4 $5) 21... Kxg7 22. Qg5 Qc5 23. g4 Nh7 24. Qc1 {aiming for gxh5.} hxg4 25. f4 (25. h5 $11 g5 26. fxg4) 25... exf4 $15 26. Nxf4 Qe5 {next ...Nf6 is good for Black.} 27. h5 {Strongly threatening hxg6.} g5 28. h6+ Kh8 29. Nxe6 fxe6 30. Qg1 d5 (30... Rb7 $15 {stays ahead.}) 31. exd5 $16 (31. Qxa7 $6 d4 $15) 31... exd5 32. Re1 ({Much weaker is} 32. Qxg4 Nf6 $11) 32... Qd6 $2 (32... Qf6 $16) 33. Qxa7 $18 {[%csl Gh6][%cal Ra7g7]} Rd7 34. Qd4+ Qf6 35. Qxg4 Rdb7 (35... Rf7 $142 36. Qg3 Rd8) 36. Re6 Qf2 37. Rb1 ({Weaker is} 37. Nxd5 Rxb2 38. Re8+ Rxe8 $11) (37. Qd1 $18 {and White stays clearly on top.} Nf8 38. Ra6 (38. Qxd5 Nxe6 39. Qe5+ Kh7 $11)) 37... d4 $16 38. Nd5 (38. Na4 $16) 38... Rxb2 $1 $40 {[%csl Gb8][%cal Rb2b1][%mdl 128] Black has some attack.} 39. Rb6 $2 {[%mdl 8192] [#]} (39. Re8+ $11 Rxe8 40. Kxb2) 39... Rxa2+ $2 (39... R8xb6 $1 $19 40. Nxb6 Rxc2 41. Qc8+ Nf8) 40. Kxa2 $15 Qxc2+ 41. Ka3 Ra8+ 42. Kb4 Qxb1+ 43. Kc5 $1 Ra5+ 44. Kc6 $4 {[%mdl 8192]} (44. Kd6 $15 Qg6+ 45. Ke5) 44... Qg6+ $19 45. Kb7 Qf7+ 46. Nc7 {[#]} Rd5 $1 47. Qc8+ $2 (47. Ra6 Rd8 48. Qe6 Qf3+ 49. Rc6) 47... Nf8 48. Kb8 Qf4 49. Kb7 Rd7 50. Rc6 d3 51. Ka6 c3 52. Ne6 Qa4+ 53. Kb6 Qb4+ 54. Ka6 Rf7 55. Rxc3 d2 56. Rd3 Qa4+ (56... Rf1 $142 57. Qc3+ Qxc3 58. Rxc3 d1=Q 59. Nc5 Qa1+ 60. Ra3 Qxa3+ 61. Kb6 Rf6+ 62. Ne6 Nxe6 63. Kb7 Rf7+ 64. Kb6 Qc5+ 65. Ka6 Ra7#) 57. Kb6 Qb4+ (57... d1=R $19 58. Rxd1 Qxd1 59. Qc3+ Kg8 60. h7+ Nxh7) 58. Ka6 Rf6 {Black mates.} 59. Rd8 d1=Q 60. Rxd1 Qa4+ 61. Kb7 Qxd1 62. Nxf8 Qb3+ 63. Kc7 Qc4+ {Precision: White = 29%, Black = 55%.} 0-1

[Event "Werder IM-Turnier 2018"]
[Site "Bremen"]
[Date "2018.06.21"]
[Round "6"]
[White "Molchanov, Oleksii"]
[Black "Skliarov, Viktor"]
[Result "1-0"]
[WhiteElo "2350"]
[BlackElo "2359"]
[Annotator "TA"]
[PlyCount "161"]
[EventDate "2018.06.16"]
[EventType "tourn"]
[EventCountry "GER"]
[SourceTitle "playchess.com"]
[Source "ChessBase"]
[SourceQuality "1"]

{[%evp 12,161,0,-10,-9,-32,23,17,31,27,41,27,60,60,73,72,117,99,123,94,102,102,95,104,115,114,125,137,133,136,200,208,227,248,223,217,220,43,452,450,428,443,441,408,406,381,661,648,660,659,655,635,587,347,361,351,363,121,120,118,142,142,127,132,113,74,94,71,100,79,150,150,150,143,135,127,120,26,145,138,224,203,166,26,26,26,26,26,26,26,191,191,193,193,193,193,193,193,193,193,193,67,109,36,36,36,263,263,263,263,263,34,34,34,36,34,34,34,34,34,34,34,29977,29978,29978,29979,29979,29980,29980,29979,29980,29976,29976,29977,29978,29976,29976,29976,29976,29977,29977,29978,29977,29978,29978,29979,29981,29982,29982,29983,29983,29982]} 1. c4 e5 2. Nc3 Nf6 3. Nf3 Nc6 4. e3 Bb4 5. Qc2 Bxc3 6. bxc3 d6 {A28: Englische Eröffnung (Vierspringer-Variante)} 7. e4 {LiveBook: 12 Partien} Nh5 (7... O-O 8. g3 Ne8 9. Nh4 Ne7 10. d3 f5 11. exf5 Nxf5 12. Nxf5 Bxf5 13. Bg2 c6 14. h3 {1-0 (56) Carlsen,M (2843)-Topalov,V (2749) Shamkir 2018}) 8. Qd1 $146 ({Vorgänger:} 8. g3 O-O 9. Nh4 Ne7 10. Be2 Nf6 11. d3 Ng6 12. Ng2 Bh3 13. Ne3 Qd7 14. Rg1 {½-½ (31) Gajewski,G (2641)-Volokitin,A (2638) Saint-Quentin 2014}) 8... Qf6 (8... f5 $15) 9. g3 $11 Bg4 10. Be2 g6 11. d3 Bxf3 12. Bxf3 Ng7 13. Bg2 Ne6 14. Rb1 Rb8 15. O-O O-O 16. f4 exf4 17. d4 Na5 18. gxf4 {[%cal Bg3f4,Bf4f5][%mdl 32]} Nxc4 19. f5 Ng7 20. Qg4 $1 Qd8 (20... gxf5 $16 {ist eine bessere Verteidigung.} 21. exf5 Rfe8) 21. Bh6 $18 c5 22. Rbd1 $1 cxd4 23. cxd4 $40 {[%mdl 128] Weiss hat starken Angriff.} b5 24. Bxg7 $2 (24. Rd3 $18) 24... Kxg7 $4 {[%mdl 8192]} (24... h5 $1 $14 25. Qg3 Kxg7) 25. f6+ $1 Kh8 {Droht stark ...Se3.} 26. Qg5 Re8 27. Rf4 Re6 28. Bh3 Qf8 $2 (28... Nb6 29. Rdf1 Nd7 30. Bxe6 fxe6) 29. Bxe6 fxe6 30. f7 Qg7 31. Qe7 Rf8 32. Qxe6 Nb2 33. Rd2 Nc4 34. Rdf2 $2 (34. Rd3 $18) 34... Qxd4 $16 35. Qd5 Qxd5 36. exd5 {[%mdl 4096] Endspiel KTT-KTS} Kg7 37. Rf6 a5 38. h3 a4 39. R6f4 Ne5 {Und ...Sd3 würde nun gewinnen.} 40. Rf1 Rxf7 ({Besser ist} 40... Nc4) 41. Rxf7+ Nxf7 {KT-KS} 42. Rb1 Ng5 43. Rxb5 Nxh3+ 44. Kh2 (44. Kg2 $16 Nf4+ 45. Kf3) 44... Nf4 (44... Ng5 $1 $11) 45. Rb4 Nxd5 (45... Nd3 $16 {war nötig.} 46. Rb6 (46. Rxa4 Kf6 $16) 46... a3) 46. Rxa4 $18 Kf6 47. Rh4 (47. Ra7 $1 $18) 47... h5 $11 48. a4 {[%cal Ba2a4,Ba4a5,Ba5a6][%mdl 32]} Ke6 49. a5 Kd7 50. a6 Kc7 $2 (50... Kc6 $1 $11) 51. Rd4 $18 {[%mdl 1024] Weiss hat starke Kompensation.} Nb6 52. Rb4 $1 Nc8 53. Kg3 g5 54. Kf3 h4 55. Kg4 d5 56. Rb1 (56. Rb3 $18) 56... d4 $14 57. Kxg5 (57. Kf3 $16) 57... d3 58. Kf4 {Und weiter mit Ke3 wäre nett.} d2 $2 (58... h3 $1 $14) 59. Ke3 $18 d1=Q 60. Rxd1 Kb6 {[#]} 61. Ra1 $2 (61. Rd8 $1 $18 {[%cal Rd8c8]} Na7 62. Rd6+ Kb5 63. Kf4) 61... Na7 $14 62. Kd4 h3 63. Ra2 Nc6+ 64. Kc4 h2 65. Rxh2 {Weiss will mit Th6 Matt setzen.} Kxa6 66. Kc5 Ne5 $2 {[%mdl 8192] [#]} (66... Na7 $14) 67. Re2 $1 {Weiß setzt Matt.} Nd3+ 68. Kc4 Nf4 69. Rf2 Nh5 70. Kc5 Kb7 71. Rf5 Ng3 72. Rf7+ Kc8 73. Kd5 Kd8 74. Ke5 Ne2 75. Kd6 {[%cal Rf7f8]} Kc8 76. Rc7+ Kb8 77. Rc4 Kb7 78. Ke5 Kb6 79. Rc2 Ng3 80. Rg2 Nf1 81. Ke4 {Precision: Weiß = 63%, Schwarz = 46%.} 1-0

[Event "Werder IM-Turnier 2018"]
[Site "Bremen"]
[Date "2018.06.21"]
[Round "6"]
[White "Wachinger, Nikolas"]
[Black "Reuker, Jari"]
[Result "0-1"]
[WhiteElo "2292"]
[BlackElo "2389"]
[Annotator "NA"]
[PlyCount "78"]
[EventDate "2018.06.16"]
[EventType "tourn"]
[EventCountry "GER"]
[SourceTitle "playchess.com"]
[Source "ChessBase"]
[SourceQuality "1"]
[TimeControl "40/5400+30:1800+30"]

1. e4 {[%emt 0:00:00]} e5 {[%emt 0:00:07]} 2. Nf3 {[%emt 0:00:00]} Nc6 {[%emt 0:00:05]} 3. Bb5 {[%emt 0:00:00]} a6 {[%emt 0:00:05]} 4. Ba4 {[%emt 0:00:00]} Nf6 {[%emt 0:00:46]} 5. O-O {[%emt 0:00:07]} Be7 {[%emt 0:00:05]} 6. d3 {[%emt 0:00:11]} b5 {[%emt 0:00:15]} 7. Bb3 {[%emt 0:00:11]} d6 {[%emt 0:00:06]} 8. c3 {[%emt 0:00:20]} O-O {[%emt 0:01:31]} 9. Re1 {[%emt 0:00:18]} Na5 {[%emt 0:00:11]} 10. Bc2 {[%emt 0:00:09]} c5 {[%emt 0:00:05]} 11. Nbd2 {[%emt 0:00:08]} Nc6 {[%emt 0:00:29]} 12. Nf1 {[%emt 0:00:16]} Qc7 {[%emt 0:01:54]} 13. Ne3 {[%emt 0:04:36]} Be6 {[%emt 0:03:29]} 14. h3 {[%emt 0:05:30]} d5 {[%emt 0:03:02]} 15. exd5 {[%emt 0:25:59]} Nxd5 {[%emt 0:00:06]} 16. Ng4 {[%emt 0:01:50]} f6 {[%emt 0:01:58]} 17. d4 {[%emt 0:23:08]} cxd4 {[%emt 0:00:57]} 18. cxd4 {[%emt 0:00:38]} Rad8 {[%emt 0:02:03]} 19. Qd3 {[%emt 0:10:24]} f5 {[%emt 0:19:14]} 20. Nh6+ {[%emt 0:20:35]} gxh6 {[%emt 0:04:22]} 21. Nxe5 {[%emt 0:00:09]} Ncb4 {[%emt 0:22:56]} 22. Qg3+ {[%emt 0:00:22]} Kh8 {[%emt 0:37:44]} 23. Bb3 {[%emt 0:03:38]} f4 {[%emt 0:00:00]} 24. Qf3 {[%emt 0:00:48]} Rf6 {[%emt 0:00:00]} 25. Bd2 {[%emt 0:00:21]} Nc2 {[%emt 0:00:00]} 26. Rec1 {[%emt 0:02:38]} Nxd4 {[%emt 0:00:00]} 27. Qe4 {[%emt 0:00:28]} Qb6 {[%emt 0:00:00]} 28. Ng4 {[%emt 0:00:22]} Nxb3 {[%emt 0:00:00]} 29. axb3 {[%emt 0:00:29]} Bxg4 {[%emt 0:00:00]} 30. hxg4 {[%emt 0:00:51]} Qe6 {[%emt 0:00:00]} 31. Qf3 {[%emt 0:00:08]} Rg6 {[%emt 0:00:00]} 32. Bxf4 {[%emt 0:01:26]} Nxf4 {[%emt 0:00:00]} 33. Qxf4 {[%emt 0:00:00]} Rxg4 {[%emt 0:00:00]} 34. Qf3 {[%emt 0:00:14]} Rdg8 {[%emt 0:00:00]} 35. Rc6 {[%emt 0:00:35]} Rxg2+ {[%emt 0:00:54]} 36. Kh1 {[%emt 0:00:02]} Qe5 {[%emt 0:01:21]} 37. Rxh6 {[%emt 0:00:26]} Rg1+ {[%emt 0:03:24]} 38. Rxg1 {[%emt 0:00:17]} Rxg1+ {[%emt 0:00:03]} 39. Kxg1 {[%emt 0:00:07]} Qg5+ {[%emt 0:00:28]} 0-1

[Event "Werder IM-Turnier 2018"]
[Site "Bremen"]
[Date "2018.06.21"]
[Round "6"]
[White "Kardoeus, David"]
[Black "Grabarczyk, Miroslaw"]
[Result "0-1"]
[WhiteElo "2226"]
[BlackElo "2402"]
[Annotator "NA"]
[PlyCount "78"]
[EventDate "2018.06.16"]
[EventType "tourn"]
[EventCountry "GER"]
[SourceTitle "playchess.com"]
[Source "ChessBase"]
[SourceQuality "1"]
[TimeControl "40/5400+30:1800+30"]

1. e4 {[%emt 0:00:00]} e5 {[%emt 0:00:16]} 2. Nf3 {[%emt 0:00:00]} Nc6 {[%emt 0:00:21]} 3. d4 {[%emt 0:00:03]} exd4 {[%emt 0:00:22]} 4. Nxd4 {[%emt 0:00:11]} Bb4+ {[%emt 0:01:13]} 5. c3 {[%emt 0:00:21]} Bc5 {[%emt 0:00:08]} 6. Nxc6 {[%emt 0:00:17]} bxc6 {[%emt 0:00:47]} 7. Bc4 {[%emt 0:00:25]} d6 {[%emt 0:08:15]} 8. O-O {[%emt 0:01:38]} Ne7 {[%emt 0:06:17]} 9. Qh5 {[%emt 0:00:29]} O-O {[%emt 0:00:27]} 10. Bg5 {[%emt 0:00:11]} Qe8 {[%emt 0:06:04]} 11. Nd2 {[%emt 0:10:15]} Be6 {[%emt 0:01:17]} 12. Bxe7 {[%emt 0:13:35]} Qxe7 {[%emt 0:00:17]} 13. Ba6 {[%emt 0:00:53]} Bc8 {[%emt 0:04:57]} 14. Qe2 {[%emt 0:01:25]} d5 {[%emt 0:06:08]} 15. b4 {[%emt 0:07:37]} Bd6 {[%emt 0:02:14]} 16. Bxc8 {[%emt 0:01:38]} Raxc8 {[%emt 0:07:28]} 17. f4 {[%emt 0:03:08]} a5 {[%emt 0:11:51]} 18. bxa5 {[%emt 0:04:07]} Ra8 {[%emt 0:00:34]} 19. a6 {[%emt 0:02:51]} Ba3 {[%emt 0:05:18]} 20. Rab1 {[%emt 0:05:20]} Qc5+ {[%emt 0:05:04]} 21. Kh1 {[%emt 0:00:08]} Qxc3 {[%emt 0:00:11]} 22. Rf3 {[%emt 0:01:10]} Qa5 {[%emt 0:00:11]} 23. Rh3 {[%emt 0:10:15]} Rxa6 {[%emt 0:07:04]} 24. exd5 {[%emt 0:02:24]} cxd5 {[%emt 0:02:32]} 25. Rb5 {[%emt 0:00:06]} Qa4 {[%emt 0:00:27]} 26. Rxd5 {[%emt 0:04:24]} Rd6 {[%emt 0:11:53]} 27. Qd3 {[%emt 0:04:25]} h6 {[%emt 0:01:23]} 28. Nc4 {[%emt 0:01:54]} Re8 {[%emt 0:02:53]} 29. Re3 {[%emt 0:12:40]} Rxd5 {[%emt 0:04:12]} 30. Qxd5 {[%emt 0:00:16]} Rxe3 {[%emt 0:00:18]} 31. Nxe3 {[%emt 0:00:16]} Bd6 {[%emt 0:03:21]} 32. g3 {[%emt 0:05:06]} Qa3 {[%emt 0:00:08]} 33. Nf5 {[%emt 0:01:34]} Bf8 {[%emt 0:01:04]} 34. Kg2 {[%emt 0:01:32]} g6 {[%emt 0:00:31]} 35. Nh4 {[%emt 0:02:30]} Qa6 {[%emt 0:00:40]} 36. f5 {[%emt 0:02:15]} g5 {[%emt 0:01:02]} 37. Nf3 {[%emt 0:02:15]} Qe2+ {[%emt 0:00:22]} 38. Kh3 {[%emt 0:00:46]} h5 {[%emt 0:00:37]} 39. f6 {[%emt 0:00:17]} Qf1# {[%emt 0:00:17] Nh4 [%clk 0:00:00]} 0-1

[Event "Werder IM-Turnier 2018"]
[Site "Bremen"]
[Date "2018.06.22"]
[Round "7"]
[White "Ahlander, Bjorn"]
[Black "Molchanov, Oleksii"]
[Result "1/2-1/2"]
[WhiteElo "2435"]
[BlackElo "2350"]
[Annotator "TA"]
[PlyCount "89"]
[EventDate "2018.06.16"]
[EventType "tourn"]
[EventCountry "GER"]
[SourceTitle "playchess.com"]
[Source "ChessBase"]
[SourceQuality "1"]

{[%evp 24,89,38,31,92,92,92,91,90,89,91,91,85,91,87,80,97,99,93,91,105,79,72,83,85,55,52,49,51,0,0,0,0,0,0,0,0,0,0,-16,0,0,0,0,0,0,0,0,0,0,0,0,0,0,0,0,0,0,0,0,0,0,0,0,0,0,0,0]} 1. d4 d5 2. Nc3 e6 3. e4 dxe4 4. Nxe4 Nd7 5. Nf3 Ngf6 6. Nxf6+ Nxf6 7. Bd3 c5 8. dxc5 Bxc5 9. O-O O-O 10. Bg5 Be7 11. Qe2 Qc7 12. Rad1 Rd8 13. Ne5 Bd7 {[#] C10: French with 3 Nc3: Unusual Black 3rd moves and 3...dxe4} (13... b6 $14) 14. Bxh7+ $1 $16 Kxh7 15. Bxf6 $1 {Qh5+ would kill now.} ({Worse is} 15. Nxf7 Rf8 $15) 15... Be8 {White is better.} 16. Bxe7 Qxe7 17. Rd3 Rxd3 18. Qxd3+ Kg8 19. Rd1 Rc8 20. c3 Qc5 $146 ({Predecessor:} 20... b5 21. h3 {1-0 (60) Radulov,I (2495)-Knudsen,P (2295) Silkeborg 1983}) 21. Qe4 Qb6 22. Rd2 Rd8 23. Rxd8 Qxd8 24. Qd4 Qg5 {[#] ( -> ...Qc1+)} 25. f4 Qf5 26. h3 (26. Nd3 $14) 26... Qb1+ $11 {The position is equal.} 27. Kh2 Qxb2 28. Qd8 Qb5 29. c4 Qa4 30. Qe7 Kh7 31. Qh4+ Kg8 {White must now prevent ...f6.} 32. Qe7 Kh7 33. Qxb7 Qxa2 34. Qe4+ Kg8 $1 35. c5 {And now c6 would win.} f6 36. Nc4 Qa6 37. Nd6 Bd7 $1 38. Qa8+ Kh7 {aiming for ...Bc6.} 39. Qe4+ Kg8 40. f5 exf5 41. Qd5+ Kh7 42. Qf7 Qa4 43. Qh5+ Kg8 44. Qf7+ Kh7 45. Qh5+ {Precision: White = 67%, Black = 83%.} 1/2-1/2

[Event "Werder IM-Turnier 2018"]
[Site "Bremen"]
[Date "2018.06.22"]
[Round "7"]
[White "Grabarczyk, Miroslaw"]
[Black "Wachinger, Nikolas"]
[Result "1-0"]
[WhiteElo "2402"]
[BlackElo "2292"]
[Annotator "ChessBase"]
[PlyCount "101"]
[EventDate "2018.06.16"]
[EventType "tourn"]
[EventCountry "GER"]
[SourceTitle "playchess.com"]
[Source "ChessBase"]
[SourceQuality "1"]
[TimeControl "40/5400+30:1800+30"]

1. d4 {[%emt 0:00:00]} Nf6 {[%emt 0:00:07]} 2. c4 {[%emt 0:00:00]} g6 {[%emt 0:00:11]} 3. Nf3 {[%emt 0:00:51]} Bg7 {[%emt 0:00:15]} 4. g3 {[%emt 0:02:32]} c5 {[%emt 0:00:48]} 5. d5 {[%emt 0:00:51]} b5 {[%emt 0:01:05]} 6. cxb5 {[%emt 0:00:36]} a6 {[%emt 0:00:38]} 7. bxa6 {[%emt 0:00:51]} d6 {[%emt 0:00:34]} 8. Bg2 {[%emt 0:01:32]} O-O {[%emt 0:00:26]} 9. O-O {[%emt 0:00:58]} Nxa6 {[%emt 0:00:17]} 10. Nc3 {[%emt 0:01:54]} Bf5 {[%emt 0:00:13]} 11. Nd2 {[%emt 0:15:51]} Nb4 {[%emt 0:00:17]} 12. Nc4 {[%emt 0:00:24]} Bc2 {[%emt 0:00:16]} 13. Qd2 {[%emt 0:08:53]} Bb3 {[%emt 0:00:17]} 14. Na3 {[%emt 0:00:57]} Bxd5 {[%emt 0:00:15]} 15. Nxd5 {[%emt 0:00:21]} Nfxd5 {[%emt 0:00:09]} 16. Nc4 {[%emt 0:00:54]} Nc7 {[%emt 0:00:25]} 17. Bxa8 {[%emt 0:01:42]} Qxa8 {[%emt 0:00:08]} 18. a3 {[%emt 0:03:44]} Nc6 {[%emt 0:00:10]} 19. Rb1 {[%emt 0:07:01]} d5 {[%emt 0:16:40]} 20. Nb6 {[%emt 0:07:56]} Qd8 {[%emt 0:04:30]} 21. b3 {[%emt 0:03:20]} Nd4 {[%emt 0:01:56]} 22. Qd1 {[%emt 0:03:56]} Ncb5 {[%emt 0:07:33]} 23. Na4 {[%emt 0:00:13]} c4 {[%emt 0:00:37]} 24. bxc4 {[%emt 0:08:50]} dxc4 {[%emt 0:00:16]} 25. e3 {[%emt 0:03:30]} Nb3 {[%emt 0:01:42]} 26. Qxd8 {[%emt 0:06:09]} Rxd8 {[%emt 0:00:12]} 27. Bb2 {[%emt 0:00:06]} Nd2 {[%emt 0:27:18]} 28. Bxg7 {[%emt 0:00:58]} Nxa3 {[%emt 0:01:54]} 29. Ra1 {[%emt 0:05:58]} Nxf1 {[%emt 0:02:34]} 30. Kxf1 {[%emt 0:02:15]} Nc2 {[%emt 0:00:56]} 31. Rc1 {[%emt 0:00:12]} Nxe3+ {[%emt 0:00:35]} 32. fxe3 {[%emt 0:00:18]} Kxg7 {[%emt 0:00:06]} 33. Ke2 {[%emt 0:00:53]} Rd5 {[%emt 0:00:50]} 34. Rxc4 {[%emt 0:00:25]} Rh5 {[%emt 0:00:23]} 35. h4 {[%emt 0:00:17]} Rb5 {[%emt 0:01:34]} 36. Nc3 {[%emt 0:00:24]} Rb7 {[%emt 0:01:16]} 37. Kf3 {[%emt 0:04:10]} h6 {[%emt 0:02:06]} 38. Rc5 {[%emt 0:02:03]} Rd7 {[%emt 0:00:49]} 39. Nb5 {[%emt 0:00:19]} Rb7 {[%emt 0:01:03]} 40. Nc7 {[%emt 0:00:27]} Rb8 {[%emt 0:33:14]} 41. Nd5 {[%emt 0:31:17]} e6 {[%emt 0:00:44]} 42. Nc7 {[%emt 0:03:04]} Kf6 {[%emt 0:00:54]} 43. Nb5 {[%emt 0:00:32]} Rb6 {[%emt 0:06:21]} 44. Nc3 {[%emt 0:00:22]} Rb7 {[%emt 0:00:28]} 45. g4 {[%emt 0:00:56]} Ke7 {[%emt 0:05:36]} 46. Nb5 {[%emt 0:02:49]} Rb6 {[%emt 0:02:40]} 47. Kf4 {[%emt 0:00:00]} Kf6 {[%emt 0:00:00]} 48. g5+ {[%emt 0:00:00]} hxg5+ {[%emt 0:00:00]} 49. hxg5+ {[%emt 0:00:00]} Ke7 {[%emt 0:00:00]} 50. Ke5 {[%emt 0:00:00]} Ra6 {[%emt 0:00:00]} 51. Rc7+ {[%emt 0:00:00]} 1-0

[Event "Werder IM-Turnier 2018"]
[Site "Bremen"]
[Date "2018.06.22"]
[Round "7"]
[White "Reuker, Jari"]
[Black "Grigorian, Spartak"]
[Result "1-0"]
[WhiteElo "2389"]
[BlackElo "2359"]
[Annotator "TA"]
[PlyCount "187"]
[EventDate "2018.06.16"]
[EventType "tourn"]
[EventCountry "GER"]
[SourceTitle "playchess.com"]
[Source "ChessBase"]
[SourceQuality "1"]

{[%evp 20,187,20,0,0,0,23,-45,-47,-37,-36,-22,-44,-37,-41,-31,20,20,22,16,37,21,26,26,33,33,28,29,30,26,42,16,19,8,8,0,12,0,0,0,0,0,0,0,0,0,0,0,0,0,0,0,0,0,0,0,0,0,0,0,0,0,0,0,0,-10,0,-39,-18,-41,-29,-72,-15,-15,-15,-15,-7,-32,18,17,20,19,17,0,0,0,19,20,21,23,75,63,71,61,72,77,311,313,317,306,331,336,450,416,464,452,457,438,499,485,466,444,853,721,12819,12822,2125,1977,12831,0,0,0,12831,12831,12832,12832,12832,12833,12833,12822,12838,12839,12839,12835,12835,12831,12831,12832,12831,0,0,0,0,0,0,0,0,0,12843,12843,12843,12844,12844,12845,12845,12844,12847,12847,12849,12847,12847,12847,12848,12847,12847,12847,12848,12848,12849,12849]} 1. d4 Nf6 2. c4 e6 3. Nc3 Bb4 4. Qc2 O-O 5. a3 Bxc3+ 6. Qxc3 d5 7. Bg5 h6 {E36: Nimzo-Indian: Classical: 4...d5 5 a3} (7... dxc4 8. Qxc4 b6 9. Rd1 Ba6 10. Qa4 h6 11. Bh4 Qe7 12. Nf3 Rd8 13. e3 Bxf1 14. Rxf1 c5 15. dxc5 Rxd1+ 16. Qxd1 {½-½ (24) Mamedyarov,S (2808)-Nakamura,H (2769) Stavanger 2018}) 8. Bxf6 Qxf6 9. Nf3 dxc4 10. Qxc4 Nc6 11. e3 {LiveBook: 5 Games} e5 12. d5 e4 13. Nd2 (13. Qxe4 $11 Qxb2 14. Rd1 Qc3+ 15. Nd2) 13... Ne7 $15 14. Nxe4 Qxb2 15. Qc3 Qb6 $146 16. Bc4 Rd8 17. Rd1 Qg6 (17... Bg4 $15 18. f3 Bd7) 18. Ng3 $1 $11 c6 {[%cal Re7d5]} 19. Bd3 $36 {[%mdl 2048] White is more active.} Qg4 20. Be2 Qg6 21. Bh5 Qf6 22. Qxf6 gxf6 23. dxc6 Rxd1+ 24. Bxd1 Nxc6 25. Nh5 f5 26. Kd2 Be6 27. Be2 Ne5 28. h3 Rd8+ 29. Kc3 Rc8+ 30. Kb2 Nd7 31. Rd1 Nc5 32. Rd4 Ne4 33. f3 Nc3 34. Nf4 Nxe2 35. Nxe2 {[%mdl 4096] Endgame KRB-KRN} Rc5 36. Nf4 Re5 37. Rd3 Kg7 38. Rc3 Kf6 39. h4 Rb5+ 40. Kc2 Ra5 41. Nd3 Ra4 42. g3 Bd5 43. f4 Ra6 44. Nc5 Rd6 45. Kb2 b6 (45... Rb6+ $17 46. Kc2 Kg7) 46. Nb3 Rd8 47. Rd3 Ke7 48. Nd2 Ke6 49. g4 fxg4 {[%cal Bf5g4,Bg4g3][%mdl 32]} 50. e4 {[#]} g3 $1 {[%cal Rg3g2][%mdl 512]} 51. f5+ (51. Rxg3 Bb7) 51... Ke5 52. exd5 Rxd5 {KRN-KR} 53. Nc4+ Ke4 54. Rxg3 {Rg4+ is the strong threat.} Kf4 (54... b5 $11) 55. Rg7 $16 b5 56. Na5 {aiming for f6.} Rxf5 57. Nc6 Ke4 $2 (57... a6 $16) 58. Nxa7 $18 Kd4 59. Nc6+ Kc5 60. Nb4 Rf2+ 61. Kc3 {Black must now prevent Nd3+.} Rh2 62. Rg4 Rh3+ 63. Nd3+ Kb6 64. Rd4 Ka5 65. Kb3 f5 (65... Rg3 $142 66. Rd5 Rg4) 66. a4 bxa4+ 67. Rxa4+ Kb5 68. Rb4+ Ka5 69. Ra4+ $2 (69. Rd4 $18 {And now Kc4 would win.} Kb5 70. Kc3) 69... Kb5 $11 70. Rb4+ $2 {[%mdl 8192]} (70. Rd4 $11 f4 71. Rd5+ Kc6 72. Kc4 Rxh4 73. Ne5+ Kc7 74. Rd7+ Kc8 75. Rd4) 70... Ka5 $18 71. Rd4 f4 72. Rd5+ $1 Kb6 73. h5 $1 f3 74. Kc2 Rh4 75. Kd2 Kc6 76. Ra5 Re4 77. Ra6+ Kd5 78. Rxh6 Re2+ {[#]} 79. Kd1 $2 (79. Kc3 $1 $18 {Nf4+ would kill now.} Ra2 80. Rh8 (80. Nb4+ Ke5 $14) 80... Ra3+ 81. Kd2) 79... Rh2 $11 80. Ke1 {Strongly threatening Nf2.} Ke4 81. Nf2+ Kf5 82. Rh8 Kg5 83. Ne4+ Kf4 $2 {[%mdl 8192] [#]} (83... Kf5 $11) 84. h6 $1 $18 {[%cal Rh6h7] White is clearly winning.} Rh1+ 85. Kf2 Rh2+ 86. Kg1 Rg2+ 87. Kf1 Rb2 88. h7 Ke3 89. Nc3 {Intending Nd1+ and mate.} Rf2+ 90. Ke1 {White wants to mate with Re8+.} Rh2 91. Nd1+ Kf4 92. Rf8+ Kg3 93. Rg8+ Kf4 94. h8=Q {Precision: White = 69%, Black = 57%.} 1-0